| 000 | 00434nam a2200181Ia 4500 | ||
|---|---|---|---|
| 005 | 20250320040037.0 | ||
| 008 | 240331s9999 xx 000 0 und d | ||
| 020 | _a0861320751 | ||
| 082 |
_a302.2 _bROB _2559 |
||
| 100 | _aRoberge, G | ||
| 245 | 0 | _aAnother Cinema for Another Society | |
| 260 |
_aCalcutta, _bSeagull Books _c1985 |
||
| 300 | _aviii, 151 p., | ||
| 650 | _aMedia | ||
| 650 | _aFilm | ||
| 650 | _aCulture | ||
| 942 | _cL | ||
| 999 |
_c1088 _d1088 |
||